Normal view
MARC view
Entry Topical Term
001 - CONTROL NUMBER
- control field: 52324
003 - CONTROL NUMBER IDENTIFIER
- control field: OSt
005 - DATE AND TIME OF LATEST TRANSACTION
- control field: 20160413165349.0
008 - FIXED-LENGTH DATA ELEMENTS
- fixed length control field: 160413|| aca||aabn | a|a d
040 ## - CATALOGING SOURCE
- Original cataloging agency: OSt
- Transcribing agency: OSt
150 ## - HEADING--TOPICAL TERM
- Topical term or geographic name entry element: Family Living
670 ## - SOURCE DATA FOUND
- Source citation: Work cat.: (OSt)42042: भाटिया सुदर्शन 17524, बच्चों की शिक्षा-दीक्षा में माता-पिता की भूमिका , 2009









